[Event "AUTO-OPEN-1445"]
[Site "http://www.queenalice.com/game.php?id=541708"]
[Date "2009.2.17"]
[Round "1"]
[White "allbishop"]
[Black "gropillo"]
[Result "1-0"]
[WhiteElo "1443"]
[BlackElo "1368"]

1. e4 e6 2. d3 Nf6 3. Nf3 Nc6 4. g3 Ng4 5. Bg2 Bc5 6. d4 Bb6 7. h3 Nf6 8. Nc3
Ba5 9. Bg5 h6 10. Bxf6 Qxf6 11. e5 Qf5 12. O-O g5 13. Ne2 d5 14. c3 h5 15. h4 g4
16. Ng5 Rf8 17. Nf4 f6 18. exf6 Rxf6 19. Nxh5 Qg6 20. Nxf6+ Qxf6 21. Qxg4 Ne7
22. Qh5+ Kd7 23. Nf3 b6 24. Bh3 Qg6 25. Qe5 Ke8 26. Ng5 Nc6 27. Qxc7 Ne7 28.
Rae1 Qc2 29. Nxe6 Bxe6 30. Rxe6 Qh7 31. Bf5 Rc8 32. Qxc8+ Kf7 33. Rxe7+ Kxe7 34.
Qe6+ Kf8 35. Bxh7 Kg7 36. Qg6+ Kf8 37. Re1 b5 38. Re8# 1-0

[Event "AUTO-INT-1211"]
[Site "http://www.queenalice.com/game.php?id=543165"]
[Date "2009.2.19"]
[Round "1"]
[White "patropi"]
[Black "gropillo"]
[Result "1-0"]
[WhiteElo "1326"]
[BlackElo "1327"]

1. e4 e5 2. c4 Bc5 3. Nf3 Nf6 4. d3 Ng4 5. Bg5 f6 6. Bh4 g5 7. Bg3 c6 8. Nc3 Qb6
9. b3 Nxf2 10. Bxf2 Bxf2+ 11. Kd2 Be3+ 12. Ke2 Bc5 13. Na4 1-0

[Event "AUTO-INT-1211"]
[Site "http://www.queenalice.com/game.php?id=543166"]
[Date "2009.2.19"]
[Round "1"]
[White "gropillo"]
[Black "patropi"]
[Result "0-1"]
[WhiteElo "1311"]
[BlackElo "1342"]

1. e3 c5 2. Qf3 e5 3. Bc4 Nf6 4. g4 e4 5. Qf4 d6 6. g5 Nbd7 7. gxf6 Nxf6 8. b3
Bd7 9. Ba3 d5 10. Be2 b5 11. Bb2 Be7 12. Nh3 O-O 13. Qg5 h6 14. Qf4 Bxh3 0-1

[Event "AUTO-INT-1211"]
[Site "http://www.queenalice.com/game.php?id=543179"]
[Date "2009.2.19"]
[Round "1"]
[White "gropillo"]
[Black "wladimir"]
[Result "0-1"]
[WhiteElo "1400"]
[BlackElo "1435"]

1. e3 g6 2. Bc4 e6 3. Nf3 Nc6 4. h4 Nf6 5. Ng5 Ne5 6. d4 Nxc4 7. Nc3 h5 8. b3
Ng4 9. bxc4 Qf6 10. Nb5 Qxf2# 0-1

[Event "AUTO-INT-1211"]
[Site "http://www.queenalice.com/game.php?id=543180"]
[Date "2009.2.19"]
[Round "1"]
[White "wladimir"]
[Black "gropillo"]
[Result "1-0"]
[WhiteElo "1450"]
[BlackElo "1380"]

1. e4 e5 2. Nf3 Nf6 3. Bc4 c6 4. Nxe5 d5 5. exd5 cxd5 6. Bb5+ Nc6 7. Nxc6 Qd7 8.
Nd4 Qxb5 9. Nxb5 Bd7 10. Nc7+ Kd8 11. Nxa8 Bc5 12. d3 Re8+ 13. Kf1 Ng4 14. f3
Be3 15. fxg4 Bd4 16. Bf4 Ke7 17. Nc7 Rc8 18. Nxd5+ Ke8 19. Qe1+ Kd8 20. Bg5+ f6
21. Qe7# 1-0

[Event "AUTO-INT-1211"]
[Site "http://www.queenalice.com/game.php?id=543182"]
[Date "2009.2.19"]
[Round "1"]
[White "andre2006"]
[Black "gropillo"]
[Result "1-0"]
[WhiteElo "1631"]
[BlackElo "1359"]

1. d4 d5 2. e3 Nf6 3. Nc3 Bg4 4. Be2 c6 5. Bxg4 Nxg4 6. Qxg4 Nd7 7. Nf3 Nf6 8.
Qf5 e6 9. Qd3 Bd6 10. Bd2 b6 11. O-O-O Ng4 12. Qe2 a5 13. Na4 O-O 14. c4 b5 15.
cxb5 cxb5 16. Nc3 Qc7 17. Qxb5 Qb8 18. Qxb8 Rfxb8 19. Be1 a4 20. h3 Nh6 21. Bd2
a3 22. b3 Bb4 23. g4 g6 24. g5 Nf5 25. h4 Rc8 26. Kc2 1-0

[Event "AUTO-OPEN-1448"]
[Site "http://www.queenalice.com/game.php?id=543219"]
[Date "2009.2.20"]
[Round "1"]
[White "ReidoBaralho"]
[Black "gropillo"]
[Result "1-0"]
[WhiteElo "1462"]
[BlackElo "1396"]

1. d4 d5 2. Bf4 e6 3. a3 Qf6 4. e3 Nh6 5. Bb5+ c6 6. Ba4 b5 7. Bb3 g5 8. Bxb8
Rxb8 9. a4 b4 10. Nf3 g4 11. Ne5 g3 12. hxg3 Rg8 13. Nxc6 Rb6 14. Nxa7 Bd7 15.
a5 Rb7 16. Nc8 Bxc8 17. Ba4+ Kd8 18. a6 Ra7 19. Bb5 Ng4 20. f3 Nxe3 21. Qd3
Nxg2+ 22. Kf2 Qg6 23. Qxg6 Rxg6 24. Kxg2 Bd6 25. f4 f6 26. Nd2 Bxf4 27. Nf1 h5
28. Rxh5 Ra8 29. Rh8+ Ke7 30. Rh7+ Kd6 31. a7 e5 32. dxe5+ Kxe5 33. Bc6 Rb8 34.
axb8=Q+ Ke4 35. Qxf4# 1-0

[Event "AUTO-OPEN-1448"]
[Site "http://www.queenalice.com/game.php?id=543220"]
[Date "2009.2.20"]
[Round "1"]
[White "gropillo"]
[Black "ReidoBaralho"]
[Result "1-0"]
[WhiteElo "1355"]
[BlackElo "1500"]

1. e4 e5 2. Bc4 Qh4 3. Nf3 Qxe4+ 4. Be2 d5 5. Nc3 Qg4 6. Nxe5 Qxg2 7. Bf3 Qg5 8.
Qe2 Bd6 9. d3 Qe7 10. d4 c5 11. Nxd5 Qe6 12. Bg4 f5 13. Bh5+ g6 14. Bf3 cxd4 15.
h4 Bxe5 16. Nf4 Na6 17. Nxe6 Bxe6 18. Qb5+ Bd7 19. Qxe5+ Kf7 20. Bd5+ Kf8 21.
Bh6+ Nxh6 22. Qxh8+ Ke7 23. Qxa8 Nb4 24. Qxb7 Nxc2+ 25. Kd2 Nxa1 26. Rxa1 Ng4
27. Re1+ Kd6 28. b4 Nxf2 29. Bg8 Ne4+ 30. Kc1 h6 31. Qxa7 Nc3 32. Qxd4+ Nd5 33.
Qxd5+ Kc7 34. Re7 1-0

[Event "AUTO-OPEN-1448"]
[Site "http://www.queenalice.com/game.php?id=543243"]
[Date "2009.2.20"]
[Round "1"]
[White "diego2907"]
[Black "gropillo"]
[Result "1-0"]
[WhiteElo "1792"]
[BlackElo "1348"]

1. e4 e6 2. d4 Bb4+ 3. c3 Ba5 4. Nd2 Nh6 5. Nc4 b6 6. Nxa5 bxa5 7. Bxh6 gxh6 8.
e5 Qg5 9. Nf3 Qf5 10. Bd3 Qf4 11. g3 Qg4 12. h3 Qg7 13. Qd2 f6 14. exf6 Qxf6 15.
Ne5 Bb7 16. Rf1 d6 17. Ng4 Qg7 18. Nxh6 Nc6 19. O-O-O Rf8 20. Rfe1 Nd8 21. Ng4
Bf3 22. Be2 Nc6 23. Bxf3 1-0

[Event "AUTO-OPEN-1448"]
[Site "http://www.queenalice.com/game.php?id=543244"]
[Date "2009.2.20"]
[Round "1"]
[White "gropillo"]
[Black "diego2907"]
[Result "0-1"]
[WhiteElo "1360"]
[BlackElo "1623"]

1. e3 d5 2. Nh3 Bxh3 3. gxh3 e6 4. Nc3 a6 5. h4 Bb4 6. a3 Bxc3 7. dxc3 Nf6 8. b4
Ne4 9. Qg4 g6 10. c4 Qf6 11. cxd5 Qxf2+ 12. Kd1 Nc3# 0-1

[Event "AUTO-OPEN-1448"]
[Site "http://www.queenalice.com/game.php?id=543259"]
[Date "2009.2.20"]
[Round "1"]
[White "gropillo"]
[Black "tonycorreia"]
[Result "0-1"]
[WhiteElo "1382"]
[BlackElo "1829"]

1. e4 e5 2. Qf3 Nf6 3. g4 g5 4. d3 Bg7 5. Bxg5 h6 6. Bh4 d6 7. g5 hxg5 8. Bxg5
Nc6 9. Nc3 Nd4 10. Qg3 Nxc2+ 11. Kd1 Nxa1 12. h4 Be6 13. Bh3 Bxh3 14. Nxh3 Qd7
15. Kd2 Nh5 16. Qg2 f6 17. Be3 b6 18. Rxa1 O-O-O 19. a4 Rdg8 20. f3 Bh6 21. Qh2
Bxe3+ 22. Kxe3 Rg3 23. b3 c6 24. Ne2 Rxh3 25. Ng1 Rxh2 26. Re1 Qg7 27. Ne2 Qh6+
28. f4 Nxf4 29. Nxf4 Qxf4# 0-1

[Event "AUTO-OPEN-1448"]
[Site "http://www.queenalice.com/game.php?id=543260"]
[Date "2009.2.20"]
[Round "1"]
[White "tonycorreia"]
[Black "gropillo"]
[Result "1-0"]
[WhiteElo "1873"]
[BlackElo "1364"]

1. e4 e5 2. Bc4 Qf6 3. Nf3 Nc6 4. c3 Na5 5. Na3 Nh6 6. d3 Bc5 7. Nb5 O-O 8. Bg5
Qg6 9. h4 Ng4 10. Be3 d6 11. Bxc5 dxc5 12. Nxc7 Rb8 13. Bd5 b5 14. b4 cxb4 15.
cxb4 Nc6 16. Qb3 Rb7 17. Bxc6 Rxc7 18. Bxb5 Bd7 19. Bxd7 Rxd7 20. h5 Qd6 21. Rd1
Rc7 22. O-O Qh6 23. d4 Qxh5 24. dxe5 Re7 25. Rd5 Qh6 26. Rfd1 Qb6 27. R1d2 f6
28. Rd6+ Kh8 29. Rxb6 Rxe5 30. Nxe5 Nxe5 31. Rb7 Rf7 32. Rd8+ Rf8 33. Rxf8# 1-0

[Event "AUTO-OPEN-1454"]
[Site "http://www.queenalice.com/game.php?id=546079"]
[Date "2009.2.24"]
[Round "1"]
[White "subzila"]
[Black "gropillo"]
[Result "1-0"]
[WhiteElo "1648"]
[BlackElo "1338"]

1. e4 Nf6 2. Nc3 e5 3. Bc4 b6 4. Nf3 Bc5 5. d4 exd4 6. Ne5 d6 7. Nxf7 Qe7 8.
Nxh8 Ng4 9. Nd5 Qxe4+ 10. Qe2 Kf8 11. Qxe4 Nf6 12. Nxf6 gxf6 13. Qxh7 Ke8 14.
Qf7+ Kd8 15. Qxf6+ Kd7 16. O-O Ba6 17. Qe6+ Kc6 18. Bd5+ Kb5 19. a4+ Ka5 20.
Qe1+ 1-0

[Event "AUTO-OPEN-1454"]
[Site "http://www.queenalice.com/game.php?id=546080"]
[Date "2009.2.24"]
[Round "1"]
[White "gropillo"]
[Black "subzila"]
[Result "0-1"]
[WhiteElo "1342"]
[BlackElo "1644"]

1. e4 e5 2. Qf3 Bc5 3. Bc4 Qf6 4. Nc3 a5 5. Nd5 Qxf3 6. Nxf3 Bd6 7. c3 Ne7 8. a4
Nxd5 9. Bxd5 O-O 10. Ng5 c6 11. Bxf7+ Rxf7 12. O-O Rf6 13. d3 h6 14. Nf3 b5 15.
b3 Ba6 16. axb5 Bxb5 17. Rd1 c5 18. c4 Bc6 19. Bd2 a4 20. Rdb1 Na6 21. bxa4 Nb4
0-1

[Event "AUTO-OPEN-1454"]
[Site "http://www.queenalice.com/game.php?id=546103"]
[Date "2009.2.24"]
[Round "1"]
[White "gropillo"]
[Black "mateusamorim96"]
[Result "0-1"]
[WhiteElo "1369"]
[BlackElo "1831"]

1. e4 c5 2. Bc4 e6 3. Qf3 Nc6 4. Nh3 Nf6 5. d3 d5 6. Bd2 dxc4 7. dxc4 Nd4 8. Qc3
Nxe4 9. Qe3 Nxc2+ 10. Kd1 Nxe3+ 11. Ke2 Nxc4 12. b3 Ncxd2 13. f3 Nxb1 14. Raxb1
Nc3+ 15. Kf2 Nxb1 16. Rxb1 Qd2+ 17. Kg1 c4 18. bxc4 Bc5+ 19. Nf2 Qxf2+ 20. Kh1
b6 21. h4 Bb7 22. a4 Bxf3 23. Rg1 Qxg1# 0-1

[Event "AUTO-OPEN-1454"]
[Site "http://www.queenalice.com/game.php?id=546104"]
[Date "2009.2.24"]
[Round "1"]
[White "mateusamorim96"]
[Black "gropillo"]
[Result "1-0"]
[WhiteElo "1858"]
[BlackElo "1350"]

1. d4 e6 2. c4 Qf6 3. Nf3 Bb4+ 4. Bd2 a5 5. Nc3 Nh6 6. a3 Bd6 7. e4 b6 8. e5
Bxe5 9. dxe5 Qe7 10. Bxh6 gxh6 11. Ne4 O-O 12. Bd3 Nc6 13. O-O h5 14. Neg5 Nxe5
15. Nxh7 Nxd3 16. Qxd3 f5 17. Nfg5 Bb7 18. Rad1 d6 19. Rfe1 e5 20. f3 Rf7 21.
Nxf7 Qxf7 22. Ng5 Qg6 23. h4 1-0

[Event "AUTO-INT-1218"]
[Site "http://www.queenalice.com/game.php?id=546152"]
[Date "2009.2.25"]
[Round "1"]
[White "gropillo"]
[Black "Jajer"]
[Result "0-1"]
[WhiteElo "1346"]
[BlackElo "1755"]

1. e3 e5 2. e4 Nf6 3. Bc4 Nxe4 4. Qf3 Nf6 5. Nc3 c6 6. d3 d5 7. Bb3 Bg4 8. Qg3
Bd6 9. Ba4 e4 10. Qh4 h6 11. h3 g5 12. Bxg5 Nbd7 13. Be3 Be7 14. hxg4 Qc7 15.
Nh3 Nf8 16. g5 Ng6 0-1

[Event "AUTO-INT-1218"]
[Site "http://www.queenalice.com/game.php?id=546153"]
[Date "2009.2.25"]
[Round "1"]
[White "Jajer"]
[Black "gropillo"]
[Result "1-0"]
[WhiteElo "1757"]
[BlackElo "1344"]

1. b3 e6 2. Bb2 Qf6 3. Bxf6 Nxf6 4. Nf3 Nc6 5. g3 Bc5 6. d4 Bb4+ 7. c3 Ba5 8. a3
b5 9. b4 Bb6 10. Bg2 a6 11. O-O d5 12. Qd3 O-O 13. Ng5 g6 14. Nd2 h6 15. Ngf3
1-0

[Event "AUTO-INT-1218"]
[Site "http://www.queenalice.com/game.php?id=546154"]
[Date "2009.2.25"]
[Round "1"]
[White "gropillo"]
[Black "jmsteinfeld"]
[Result "0-1"]
[WhiteElo "1363"]
[BlackElo "1745"]

1. Nf3 d5 2. Ne5 Bf5 3. e3 e6 4. Qh5 g6 5. Qf3 Qf6 6. Nc3 Qxe5 7. d4 Qf6 8. Nb5
Bd6 9. Nxd6+ cxd6 10. h3 Ne7 11. Bd2 O-O 12. g4 Nd7 13. gxf5 Qxf5 14. Bg2 Qxf3
15. Bxf3 Rfc8 16. c3 a5 17. O-O b5 18. a4 bxa4 19. Rxa4 Nb6 20. Ra3 Nc4 21. Rd1
Nxa3 22. bxa3 a4 23. h4 h5 24. Rb1 Rab8 25. Rc1 f5 26. Kf1 Rb2 27. Rd1 Ra2 28.
c4 Rxc4 29. Rc1 Rxa3 30. Rc3 Rcxc3 31. Kg2 Rc2 32. Bb4 Raa2 33. Bxd6 Rxf2+ 34.
Kg3 Kf7 35. Bb4 a3 36. Be1 Rfc2 37. Kf4 Rab2 38. Bd1 Rc1 39. Bf3 Rxe1 0-1

[Event "AUTO-INT-1218"]
[Site "http://www.queenalice.com/game.php?id=546155"]
[Date "2009.2.25"]
[Round "1"]
[White "jmsteinfeld"]
[Black "gropillo"]
[Result "1-0"]
[WhiteElo "1743"]
[BlackElo "1367"]

1. e4 e6 2. d4 Qf6 3. e5 Qf5 4. Bd3 Qxd3 5. Qxd3 Bb4+ 6. c3 Ba5 7. b4 Bb6 8. a4
Ne7 9. a5 Bxa5 10. Rxa5 b6 11. Ra1 Ba6 12. Rxa6 Nxa6 13. Qxa6 O-O 14. Nf3 Nc8
15. Qb7 Ne7 16. Qxc7 Nd5 17. Qxd7 Rad8 18. Qa4 Nc7 19. O-O Nd5 20. Bd2 f6 21.
Qxa7 g5 22. Bxg5 Rf7 23. Qa2 fxg5 24. Nxg5 Rg7 25. Nxe6 Rgd7 26. Nxd8 Rxd8 27.
f4 Kg7 28. f5 Ne7 29. f6+ Kg6 30. fxe7 Re8 31. Qf7+ Kh6 32. Qxe8 b5 33. Qf8+ Kh5
34. e8=Q+ 1-0